| 000 | 01635nam0a22003131 4500 | ||
|---|---|---|---|
| 001 | rc\4320707 | ||
| 005 | 20130416131927.6 | ||
| 021 |
_aRU _b[67-102947] |
||
| 035 | _a(NLR Aleph) 008511899 | ||
| 090 |
_a8174074 _c8174074 |
||
| 100 | _a20130416d1967 |||y0rusy50 ca | ||
| 101 | 0 | _arus | |
| 102 | _aRU | ||
| 105 | _aa z ||||| | ||
| 200 | 1 |
_aИсследование надежности радиоэлектронных систем на ЭЦВМ _fЛенингр. организация о-ва "Знание" РСФСР. Ленингр. дом науч.-техн. пропаганды |
|
| 210 |
_aЛенинград _cБ. и. _d1967 |
||
| 215 |
_a29 с. _cсхем. _d21 |
||
| 225 | 1 | _aСерия "Улучшение качества, повышение надежности и долговечности машин, приборов, электронной и радиоэлектронной аппаратуры" | |
| 300 | _aПеред загл. авт.: Л.К. Горский, М.Г. Зайденберг, В.К. Короленок | ||
| 320 | _aБиблиогр. в конце книги (10 назв.) | ||
| 606 |
_aРадиоэлектронная аппаратура _xНадежность _xМатематические исследования _2psbo |
||
| 700 | 1 |
_aГорский _bЛ. К. _gЛев Константинович |
|
| 701 | 1 |
_aЗайденберг _bМ. Г. _gМоисей Григорьевич |
|
| 701 | 1 |
_aКороленок _bВ. К. _gВалерий Константинович |
|
| 801 | 0 |
_aRU _bNLR _gpsbo |
|
| 801 | 1 |
_aRU _bELAR _2rusmarc |
|
| 852 |
_aNLR _j68-6/495 |
||
| 942 | _cBOOK | ||
| 980 | _aNB | ||